000 01914cam a22001934a 4500
005 20250605163312.0
008 250528s ||||||||||||||||||||||||d
035 _a16402
040 _aGR-AtMCL
_bgre
_dGR-AtMCL
_eAACR2
245 1 _aΠολυεθνικές Επιχειρήσεις και Αναπτυσσόμενες Χώρες / Η Περίπτωση της Ελλάδας: Δεύτερη Έκδοση
250 _a
260 _bGutenberg,
_c1986
300 _a308
520 _aΠρόλογος, Πολυεθνικές Επιχειρήσεις και Αναπτυσσόμενες Χώρες, Πρόσφατες Τάσεις και Συμμετοχή των Πολυεθνικών Επιχειρήσεων στις Αναπτυσσόμενες Χώρες, Βιομηχανική Δομή και Πολυεθνικές Επιχειρήσεις, Δομή της Αγοράς και Πολυεθνικές Επιχειρήσεις, Πολυεθνικές Επιχειρήσεις και Ισοζύγιο Πληρωμών, Ανάπτυξη και Πολυεθνικές Επιχειρήσεις, Πολυεθνικές Επιχειρήσεις και Ελληνική Βιομηχανία, Ελληνική Βιομηχανία και Ξένες Ιδιωτικές Επενδύσεις, Διάρθρωση των Ξένων Ιδιωτικών Επενδύσεων στη Βιομηχανία, Επιπτώσεις των Πολυεθνικών Επιχειρήσεων στη Δομή της Αγοράς, Επίδοση (Performance) των Πολυεθνικών Επιχειρήσεων, Πολυεθνικές Επιχειρήσεις και Εμπορικό Ισοζύγιο και Ισοζύγιο Πληρωμών, Συμπεράσματα και Παρατηρήσεις, Βιβλιογραφία.
700 1 _aΠαπανδρέου Βάσω
942 _cBK
999 _c1905
_d1905